Good morning merry sunshine
Guardat en:
| Autor principal: | |
|---|---|
| Format: | Llibre |
| Idioma: | anglès |
| Publicat: |
Atheneum.
1984.
|
| Matèries: | |
| Etiquetes: |
Afegir etiqueta
Sense etiquetes, Sigues el primer a etiquetar aquest registre!
|
MARC
| LEADER | 00000nam a22000005a 4500 | ||
|---|---|---|---|
| 001 | 3008 | ||
| 003 | CL-ChBUA | ||
| 005 | 20120815102816.0 | ||
| 008 | 070301s1984 xxu 000 0 eng | ||
| 040 | |a CL-ChBUA |c CL-ChBUA | ||
| 082 | 0 | 0 | |a 306.87 |
| 090 | |c 3008 |d 3008 | ||
| 100 | 1 | |a Greene, Bob. | |
| 245 | 1 | 0 | |a Good morning merry sunshine |
| 260 | |b Atheneum. |c 1984. | ||
| 300 | |a viii, 307 p. |b il. |c 21 cm. | ||
| 650 | 4 | |a RELACIONES DE FAMILIA. | |
| 942 | |c LIB | ||
| 952 | |0 0 |1 0 |4 0 |7 0 |9 4460 |a UNACH |b UNACH |c 300 |d 2007-03-05 |i 25.109. |l 0 |o 306.87 / G 795. c.1 |p 5459 |r 2016-06-10 00:00:00 |u 4460 |w 2012-08-08 |y LIB |k 306.87 / G 795. c.1 | ||
| 952 | |0 0 |1 0 |4 0 |7 0 |9 4461 |a UNACH |b UNACH |c 300 |d 2007-03-05 |i 24.449. |l 0 |o 306.87 / G 795. c.2 |p 5460 |r 2012-12-27 00:00:00 |u 4461 |w 2012-08-08 |y LIB |k 306.87 / G 795. c.2 | ||
| 999 | |c 3008 |d 3008 | ||